书目信息 |
| 题名: |
古籍知识手册
|
|
| 作者: | 高振铎 主编 | |
| 分册: | ||
| 出版信息: | 济南 山东教育出版社 1988.12 |
|
| 页数: | 1495页 | |
| 开本: | 20cm | |
| 丛书名: | ||
| 单 册: | ||
| 中图分类: | G255.1-62 | |
| 科图分类: | ||
| 主题词: | 古籍--图书馆工作--手册 | |
| 电子资源: | ||
| ISBN: | 7-5328-0211-6 | |
| 000 | 00620nam0 2200217 45 | |
| 001 | 0189004889 | |
| 005 | 20041228101439.7 | |
| 010 | @a7-5328-0211-6@b精装@dCNY18.30 | |
| 020 | @aCN@b89004889 | |
| 100 | @a19900816d1988 m y0chiy0120 ea | |
| 101 | 0 | @achi |
| 102 | @aCN@b370000 | |
| 105 | @ay g 001yy | |
| 200 | 10 | @a古籍知识手册@Agu ji zhi shi shou ce@f高振铎主编@Fgao zhen duo zhu bian |
| 210 | @a济南@c山东教育出版社@d1988.12 | |
| 215 | @a1495页@d20cm | |
| 606 | @a古籍@x图书馆工作@x手册 | |
| 690 | @aG255.1-62@v1980 | |
| 701 | 0 | @a高振铎@4主编 |
| 801 | 0 | @aCN@bNLC@c19900816 |
| 905 | @f1@b226371@dG255.1-62@e11 | |
| 古籍知识手册/高振铎主编.-济南:山东教育出版社,1988.12 |
| 1495页;20cm |
| ISBN 7-5328-0211-6(精装):CNY18.30 |
| ● |
| 相关链接 |
|
|
|
|
正题名:古籍知识手册
索取号:G255.1-62/11
 
预约/预借
| 序号 | 登录号 | 条形码 | 馆藏地/架位号 | 状态 | 备注 |
| 1 | 0226371 | 001972066 | 工具书阅览室/ [索取号:G255.1-62/11] | 在馆 | |
| 2 | 0226372 | 002059916 | 第一样本阅览室/ [索取号:G255.1-62/11] | 在馆 |